000 01328namaa2200349 i 4500
003 EG-GICUC
005 20251129134048.0
008 251129s1999 ua |||jr|||| 000 0 ara d
017 _a99 / 7062
_bدار الكتب والوثائق القومية (مصر)
020 _a9775938023
040 _aEG-GiCUC
_bara
_cEG-GiCUC
_dEG-GiCUC
_erda
043 _ama-----
_af-ua---
082 0 4 _221
_a201.16
_bY29
092 0 4 _221
_a201.16
_bY29
099 _a201.16 Y29
100 1 _aيسين، السيد
_eمؤلف.
245 1 0 _aقضايا المعاصرة والخلافة :
_bحوار علمانى إسلامى مع الدكتور كمال أبو المجد والشيخ يوسف القرضاوى /
_cالسيد يسين.
250 _aالطبعة الاولى
264 _aالقاهرة(مصر) :
_bميريت للنشر والمعلومات،
_c1999.
300 _a93 صفحة ؛
_c19 سم
336 _2rdacontent
_atext
337 _2rdamedia
_aUnmediated
338 _2rdacarrier
_avolume
504 _a.
541 _aد. جابر عصفور ؛
_bالقاهرة ؛
_cإهداء ؛
_d2024.
650 1 7 _aالعلمانية
_2qrmak
650 1 7 _aالسلام
_xدفع مطاعن
_2qrmak
650 1 7 _aالاسلام
_yالقرن العشرين
_2qrmak
651 1 _2qrmak
905 _aAya
942 _2ddc
_cBK
_e21
_n0
999 _c176325
_d176325